000 00619nam a2200229Ia 4500
003 OSt
005 20221007073023.0
006 a|||||r|||| 00| 0
007 ta
008 221006b |||||||| |||| 00| 0 eng d
024 _a20,415
037 _cTextual
040 _aFLL
_cFLL
_beng
041 _2eng
_aeng
082 _aZ1(W691), K9
100 _aHazard John N. Au.
_9691774
245 0 _aCommunists and their law
260 _aLondon
_bUniversity of Chicago Press England
_c1969
300 _a560p
_ccm.
942 _hZ1(W691), K9
_cTEXL
_2CC
999 _c1147508
_d1147508